[Event "BCF-chT3a 0001 (4NCL)"]
[Site "Birmingham"]
[Date "2000.11.25"]
[Round "3.5"]
[White "Houska, Mario"]
[Black "Erichsen, Dan"]
[Result "1/2-1/2"]
[WhiteElo "1592"]
[BlackElo "2100"]
[PlyCount "47"]
[EventDate "2000.11.26"]
[EventType "team-tourn"]
[EventRounds "7"]
[EventCountry "ENG"]
[SourceTitle "EXT 2002"]
[Source "ChessBase"]
[SourceDate "2001.11.25"]
[SourceVersion "1"]
[SourceVersionDate "2001.11.25"]
[SourceQuality "1"]
[WhiteTeam "Warwicks Select"]
[BlackTeam "Guildford III"]
[WhiteTeamCountry "ENG"]
[BlackTeamCountry "ENG"]

1. e4 e5 2. Nf3 Nc6 3. Bb5 a6 4. Bxc6 dxc6 5. 0-0 f6 6. Nxe5 fxe5 7. Qh5+ Kd7 8. d4 Nf6 9. Qxe5 Qe7 10. Qg3 Qxe4 11. Nc3 Qg4 12. Qd3 Bd6 13. d5 c5 14. Be3 Re8 15. f4 b6 16. Rf3 c4 17. Qxc4 Bb7 18. Rg3 Qf5 19. Rxg7+ Kd8 20. Bxb6 Qxf4 21. Qxf4 Bxf4 22. Rf7 cxb6 23. Rxb7 Re7 24. Rxe7 1/2-1/2

[Event "BCF-chT2 9798 (4NCL)"]
[Site "England"]
[Date "1998.05.25"]
[Round "11.8"]
[White "Roberts, Lucinda"]
[Black "Houska, Mario"]
[Result "1/2-1/2"]
[WhiteElo "1800"]
[BlackElo "1632"]
[PlyCount "28"]
[EventDate "1997.11.??"]
[EventType "team"]
[EventRounds "11"]
[EventCountry "ENG"]
[SourceTitle "EXT 1999"]
[Source "ChessBase"]
[SourceDate "1998.11.16"]
[SourceVersion "1"]
[SourceVersionDate "1998.11.16"]
[SourceQuality "1"]
[WhiteTeam "Gwent Dragons"]
[BlackTeam "Simpsons"]
[WhiteTeamCountry "ENG"]
[BlackTeamCountry "ENG"]

1. e4 d5 2. exd5 Qxd5 3. Nc3 Qa5 4. d4 c6 5. Nf3 Bg4 6. Be2 Nf6 7. 0-0 e6 8. Ne5 Bxe2 9. Qxe2 Nbd7 10. Nxd7 Nxd7 11. Ne4 Nf6 12. Nxf6+ gxf6 13. Bd2 Qf5 14. c3 h5 1/2-1/2